00438 2200157 4500001002100000008004100021035002000062245005500082100002000137260003200157300002000189082001600209650002900225990001300254990001300267INLIS000000000000547 ind  a0010-0322000547 aASAL MULA DANAU TOBA DONGENG PENGANTAR TIDURcIKHA aTIRA IKRANEGARA aSURABAYAbKARYA AGUNGc2005 a64 hlm.c20 cm. a398.395 981 aCERITA RAKYAT - SUMATERA a102688-1 a102688-2